Music Quiz

Random Music or Clickable Quiz

'Don't' Song Titles Quiz Stats

Quiz Updated Aug 3, 2016

Challenge
Share
Tweet
Embed
Score 0/40 Timer 06:00
0 Plays Today
% Correct
Happy
92.7%
Breaking
91.9%
Believin'
91.6%
Rain
90.2%
Thing
89.9%
Enough
88.6%
Know
88.2%
Talk
88.1%
Sun
88%
Stand
85.9%
Give
85.6%
Come
85.4%
Blue
83.4%
Now
83.3%
Think
81.5%
Forget
81%
Crying
80%
Cruel
78.9%
Leave
78.7%
Fear
78.3%
% Correct
Child
76.7%
Much
76.3%
Look
76.2%
Bring
75.8%
Music
75.6%
Mess
75.5%
Remember
71.1%
Down
70.7%
Misunderstood
70.6%
Want
70.4%
Go
70.1%
Speak
69.7%
Wrong
66.5%
Party
64.5%
Worry
62.5%
Stop
62.5%
Cha
62.4%
Dream
52.5%
Make
48.3%
Get
47.3%

You're not logged in!

Compare scores with friends on all Sporcle quizzes.
Join for Free
OR
Log In

You Might Also Like...

Show Comments

Extras

Top Quizzes Today


Score Distribution

Your Account Isn't Verified!

In order to create a playlist on Sporcle, you need to verify the email address you used during registration. Go to your Sporcle Settings to finish the process.

Report this User

Report this user for behavior that violates our Community Guidelines.

Details: